| 000 | 005280000a22001210004500 | ||
|---|---|---|---|
| 100 | 1 | _aMartini, Romeu | |
| 245 | 1 | 0 | _aconfissâo de pecados, ceia do Senhor, batismo: relaçâo inegável e distinçâo imprescindivel. |
| 300 | _ano.28 (may., 2009), p.10-13 | ||
| 520 | _averemos en este artículo aspectos biblicos y teológicos que ayudan a encontrar un lugar adecuado para confesar los pecados dentro del culto cristiano y una práctica litúrgica de la comunidad. | ||
| 650 | 1 | 4 | _aRECONCILIACION |
| 773 | 0 | _tTEAR | |
| 942 | _cANA | ||
| 999 |
_c63093 _d63093 |
||